Hackert oder nicht Hackert?

Titel: Hackert oder nicht Hackert? : neue Erkentnisse zur Autorenschaft der Tapetenmalereien im Haus Ossenreyerstrasse 1 in Stralsund
Verfasser:
In: Baltische Studien, Band 102 (2016), Seite 149-168
alle Artikel anzeigen
Veröffentlicht: 2016
Umfang: Illustrationen
Format: Aufsatz
Sprache: Deutsch
Schlagworte:
Kein Bild verfügbar
X
alg: 43204627
001A    $03025:25-05-18 
001B    $06050:12-12-18 $t11:44:33.000 
001C    $03025:25-05-18 $t16:45:27.000 
001D    $03025:25-05-18 
001U    $0utf8 
001X    $00 
002@    $0Aou 
002C    $aText $btxt $2rdacontent 
002D    $aohne Hilfsmittel zu benutzen $bn $2rdamedia 
002E    $aBand $bnc $2rdacarrier 
003@    $0432046275 
007A    $0432046275 $aHEB 
010@    $ager 
010E    $erda 
011@    $a2016 
021A    $aHackert oder nicht Hackert? $dneue Erkentnisse zur Autorenschaft der Tapetenmalereien im Haus Ossenreyerstrasse 1 in Stralsund 
028A    $BVerfasser $4aut $7105671848X $8Lissok, Michael$Z1958- [Tp3] $9346357209 
031A    $d102 $h149-168 $j2016 
034M    $aIllustrationen 
039B    $aEnthalten in $8--Abvc--. Baltische Studien. - Kiel : Ludwig, 1832-. - ISSN 0067-3099 $x201600001020000851 $9047264489 
044K    $#Stralsund $#Hansestadt Stralsund $#Stadt Stralsund $#Straalsund $#Strahlsund $#Stralesundium $#Sundia $74057860-4 $8Stralsund [Tg1] $9085160881 
044K    $RMalerei $#Tapete Malerei $#Tapete Bemalung $74318563-0 $8Tapetenmalerei [Ts1] $9086755927 
044K    $#Hackert, Jacob P. $#Hackert, Philipp $#Hackert, Filippo $#Hackert, Philippe $#Hackert, Jakob P. $#Chakkert, Jakob Filipp $#Hackert, Jacob Philipp $7118544306 $8Hackert, Jakob Philipp$Z1737-1807 [Tp1] $9086885332 
045T    $aAVL $qDE-30 $2FID 

lok: 43204627 78

exp: 43204627 78 1 #EPN
201B/01 $025-05-18 $t16:41:15.000 
201C/01 $025-05-18 
201U/01 $0utf8 
203@/01 $0102250262X 
208@/01 $a25-05-18 $be 
209A/01 $a/ $f000 $x00 
209A/01 $ab*p $x01 
220C/01 $aeja 
244Z/01 $#Pommern $#Pommern $#Herzogtum Pommern $#Herzogthum Pommern $#Provinz Pommern $#Pomorze $74046744-2 $8--Tg1--Pommern $x06 $9085130354 
247C/01 $82080>Marburg/Lahn, Herder-Institut, Forschungsbibliothek, Bibliographieportal $9336309341
LEADER 00000caa a2200000 c 4500
001 432046275
003 DE-603
005 20181212114433.0
007 tu
008 180525s2016 xx |||| | u00||u|ger c
035 |a (DE-599)HEB432046275 
040 |a DE-603  |b ger  |c DE-603  |d DE-603  |e rda 
041 |a ger 
084 |a AVL  |q DE-30  |2 fid 
100 1 |a Lissok, Michael  |d 1958-  |e Verfasser  |4 aut  |0 (DE-603)346357209  |0 (DE-588)105671848X  |2 gnd 
245 0 0 |a Hackert oder nicht Hackert?  |b neue Erkentnisse zur Autorenschaft der Tapetenmalereien im Haus Ossenreyerstrasse 1 in Stralsund 
264 0 |c 2016 
300 |b Illustrationen 
336 |a Text  |b txt  |2 rdacontent 
337 |a ohne Hilfsmittel zu benutzen  |b n  |2 rdamedia 
338 |a Band  |b nc  |2 rdacarrier 
600 1 7 |a Hackert, Jakob Philipp  |d 1737-1807  |0 (DE-588)118544306  |0 (DE-603)086885332  |2 gnd 
650 7 |a Tapetenmalerei  |0 (DE-588)4318563-0  |0 (DE-603)086755927  |2 gnd 
651 7 |a Stralsund  |0 (DE-588)4057860-4  |0 (DE-603)085160881  |2 gnd 
773 0 8 |i Enthalten in  |t Baltische Studien  |d Kiel : Ludwig, 1832-  |h 24 cm  |x 0067-3099  |g Band 102 (2016), Seite 149-168  |w (DE-603)047264489  |w (DE-600)202273-4 
924 0 |9 2080  |a (DE-603)102250262X  |b DE-2080  |c HES  |d d  |g /